تحميل...

Electronic materials science: for integrated circuits in Si and GaAS /

التفاصيل البيبلوغرافية
المؤلف الرئيسي: Mayer, James W.
مؤلفون آخرون: Lau, S S.
التنسيق: Printed Book
منشور في: New York : Macmillan , 1990.
الموضوعات:
LEADER 00649cam a2200193ua 4500
008 051209s1990 g b000 u Eng u
020 |a 0-02-946064-6  |c D 8.45 
044 |a   
082 1 4 |a 621.381 N0 
100 1 |a Mayer, James W. 
245 0 0 |a Electronic materials science: for integrated circuits in Si and GaAS /   |h Textual Documents 
260 |a New York : Macmillan ,   |c 1990. 
300 |a  ;  
365 |a D 8.45 
650 0 |a Electronic engineering 
700 1 |a Lau, S S. 
942 |c BK 
999 |c 103978  |d 103978 
952 |0 0  |1 0  |4 0  |6 621_381000000000000_N0  |7 0  |9 98615  |a SCS  |b SCS  |d 2014-06-26  |h D 8.45  |l 0  |o 621.381 N0  |p SCS01291  |r 2014-06-26  |w 2014-06-26  |y BK